00575cam a22001813a 450000100060000000300060000600500170001200800410002904000150007004200070008510000390009224501120013126000290024350600300027251600200030283000290032285600420035143533PGUSA20140828084006.0130822s2013||||xxu|||||s|||||000 | eng d aPGUSAbeng adc1 aMachen, J. Greshamq(John Gresham)12aA Brief Bible History :bA Survey of the Old and New Testamentsh[electronic resource] /cJ. Gresham Machen bProject Gutenberg,c2013 aPublic domain in the USA. aElectronic text 0aProject Gutenbergv4353340uhttp://www.gutenberg.org/ebooks/43533